Legally Blonde Songs by Lyric Click Quiz #4 - Statistics

General Stats
  • This quiz has been taken 7 times
  • The average score is 7 of 18
Answer Stats
Hint Answer % Correct
All the boys from a block away Bend and Snap
60%
And buy my mom that great big house Chip on my Shoulder
60%
Just ignore her she hasn’t been well Omigod You Guys
60%
All of this time I planned So Much Better
60%
It’s a defensive weapon too Whipped Into Shape
60%
Granted not a complete surprise Find My Way
40%
In bulletin-proof Mercedes-Benz Harvard Variations
40%
Give my love to the leprechaun Ireland Reprise
40%
I was wrong about you Legally Blonde Remix
40%
We’re taking this too far Positive
40%
Think of people you want to impress Take it Like a Man
40%
Unless you acquire a taste Blood in the Water
20%
It’s hard to guarantee Gay or European
20%
Every story he told me steered me wrong Ireland
20%
Drinks within reach Legally Blonde
20%
Then take it don’t be shy Serious
20%
I held your head when you hurled Serious Reprise
20%
And to prove it’s true What You Want
20%
No matching quizzes found
Score Distribution
Percent of People with Each Score
Percentile by Number Answered
Your Score History
You have not taken this quiz